[Event "Lansing (Jan)"]
[Site "?"]
[Date "1990.??.??"]
[Round "?"]
[White "Gregory, Kevin"]
[Black "Skidmore, Jennifer"]
[Result "1-0"]
[WhiteElo "1685"]
[BlackElo "1720"]
[PlyCount "165"]
[EventDate "1990.??.??"]

1. e4 e5 2. Nf3 Nc6 3. d4 exd4 4. Nxd4 Nxd4 5. Qxd4 d6 6. Nc3 Nf6 7. Bc4 Be7 8.
f3 O-O 9. Be3 Nd7 10. O-O Ne5 11. Bb3 Bf6 12. Qd2 Be6 13. Rfd1 Bh4 14. Nd5 Qd7
15. Nf4 Bxb3 16. cxb3 a6 17. Rac1 Kh8 18. Qc3 Nc6 19. e5 Rae8 20. exd6 cxd6 21.
Nh5 f5 22. g3 Bf6 23. Nxf6 Rxf6 24. Bf4 Ree6 25. Rd5 Ne7 26. Rdd1 Nc6 27. Rd5
h6 28. Rcd1 Ne7 29. Re5 Ng6 30. Rxe6 Qxe6 31. Rxd6 Qe7 32. Rxf6 Qxf6 33. Qxf6
gxf6 34. Bxh6 Ne5 35. Be3 Nxf3+ 36. Kg2 Ne1+ 37. Kf1 Nd3 38. Bd4 Kg7 39. a4 Ne5
40. Ke2 Nc6 41. Ke3 Na5 42. b4 Nc4+ 43. Kd3 Ne5+ 44. Ke3 Ng4+ 45. Kf4 Kg6 46.
h4 Nh6 47. a5 Kf7 48. h5 Ke7 49. Bc5+ Ke6 50. Bf8 Nf7 51. h6 Ng5 52. Bg7 Nh7
53. g4 fxg4 54. Kxg4 Ke5 55. Kf3 Kf5 56. Ke3 Kg4 57. Kd4 f5 58. Kc5 f4 59. Kb6
f3 60. Bd4 Kh5 61. Kxb7 Kxh6 62. Kxa6 Nf6 63. b5 Nd7 64. b6 Kg6 65. b7 Nb8+ 66.
Kb6 Kf7 67. a6 Ke6 68. a7 Nd7+ 69. Kc7 Kd5 70. Bf2 Ne5 71. a8=Q Ke4 72. Qe8 Kf4
73. Qxe5+ Kxe5 74. b8=Q Ke4 75. Qb3 Kf4 76. Qd3 Kg4 77. Qe4+ Kg5 78. Kd6 Kf6
79. Qf4+ Kg6 80. Ke6 Kg7 81. Qf6+ Kg8 82. Qf7+ Kh8 83. Bd4# 1-0

[Event "Detroit (MOR/3/1)"]
[Site "?"]
[Date "1990.??.??"]
[Round "?"]
[White "Gregory, Kevin"]
[Black "Skidmore, Jennifer"]
[Result "1-0"]
[WhiteElo "1795"]
[BlackElo "1670"]
[PlyCount "133"]
[EventDate "1990.??.??"]

{3/(1)} 1. e4 e5 2. Nf3 Nc6 3. d4 exd4 4. Nxd4 Nxd4 5. Qxd4 d6 6. Nc3 Bd7 7.
Bc4 Nf6 8. Bg5 Be7 9. O-O-O O-O 10. Rhe1 Ng4 11. Bxe7 Qxe7 12. f4 Nxh2 13. e5
Bf5 14. exd6 Qxd6 15. Qxd6 cxd6 16. Rxd6 Rfe8 17. Red1 h6 18. Bb5 Re7 19. Rd8+
Rxd8 20. Rxd8+ Kh7 21. Kd2 Ng4 22. Bd3 Bxd3 23. cxd3 Nf6 24. Nd5 Nxd5 25. Rxd5
Kg6 26. d4 Re4 27. g3 f5 28. Kd3 Re7 29. Re5 Rd7 30. d5 Kf6 31. Re6+ Kf7 32.
Kd4 b6 33. Ke5 g6 34. Rf6+ Kg7 35. Ke6 Rxd5 36. Rf7+ Kg8 37. Rxa7 Rd3 38. Rb7
Rxg3 39. Rxb6 h5 40. Rc6 h4 41. Rc2 Rg4 42. Ke5 h3 43. Rh2 Rg2 44. Rxh3 Rxb2
45. Ra3 Kh7 46. Kf6 Rb6+ 47. Kg5 Kg7 48. Ra8 Kf7 49. a4 Ke7 50. a5 Rc6 51. a6
Kd7 52. a7 Ra6 53. Rh8 Kc6 54. a8=Q+ Rxa8 55. Rxa8 Kd5 56. Re8 Kd6 57. Kxg6 Kd7
58. Re1 Kd6 59. Kxf5 Kd7 60. Re6 Kc7 61. Ke5 Kd7 62. f5 Kc7 63. f6 Kd7 64. f7
Kc7 65. f8=Q Kb7 66. Qf7+ Kb8 67. Re8# 1-0

[Event "Lansing (Feb)"]
[Site "?"]
[Date "1990.??.??"]
[Round "?"]
[White "Gregory, Kevin"]
[Black "Russell, K."]
[Result "0-1"]
[WhiteElo "1620"]
[BlackElo "1665"]
[PlyCount "78"]
[EventDate "1990.??.??"]

1. e4 c5 2. d4 cxd4 3. c3 d6 4. Bc4 Nf6 5. Qe2 e6 6. Nf3 Nbd7 7. cxd4 Be7 8.
Nc3 a6 9. Bf4 O-O 10. O-O b5 11. Bd3 Qc7 12. Rac1 Qb8 13. e5 Nh5 14. Bg5 Bxg5
15. Nxg5 Nf4 16. Qe4 Ng6 17. f4 Bb7 18. Qe3 dxe5 19. fxe5 f6 20. Nxe6 Re8 21.
Qh3 Bc8 22. Bf5 fxe5 23. Ng5 Nf6 24. Bxc8 Qxc8 25. Qxc8 Raxc8 26. dxe5 Nxe5 27.
Rcd1 Nc4 28. Rf2 Nxb2 29. Rxb2 Rxc3 30. Rbd2 h6 31. Nf3 Ne4 32. Re2 Ra3 33.
Rde1 Kf8 34. Rxe4 Rxe4 35. Rxe4 Rxa2 36. Kf1 a5 37. Nd4 b4 38. Nc6 b3 39. Nxa5
b2 0-1

[Event "Lansing (Mini-Swiss.3/1)"]
[Site "?"]
[Date "1990.??.??"]
[Round "?"]
[White "Gregory, Kevin"]
[Black "Randel, D."]
[Result "1/2-1/2"]
[WhiteElo "1795"]
[BlackElo "1670"]
[PlyCount "128"]
[EventDate "1990.??.??"]

{3/(1)} 1. e4 c6 2. d4 d5 3. exd5 cxd5 4. c4 Nf6 5. Nc3 e6 6. Nf3 Be7 7. Qb3
O-O 8. Bf4 a6 9. c5 Nc6 10. Bd3 Nd7 11. O-O b6 12. cxb6 Qxb6 13. Qxb6 Nxb6 14.
a3 Bf6 15. Be5 Nd7 16. Rfe1 Ncxe5 17. dxe5 Be7 18. b4 Bb7 19. Nd4 Rac8 20. Na4
Bd8 21. f4 Bb6 22. Nxb6 Nxb6 23. b5 Nc4 24. a4 axb5 25. Nxb5 Rc5 26. Bxc4 dxc4
27. Rec1 Ra8 28. Nd6 Bc6 29. Nb5 h6 30. Nd6 Rxa4 31. Rxa4 Bxa4 32. Rxc4 Rxc4
33. Nxc4 f6 34. Kf2 Kf7 35. Ke3 fxe5 36. Nxe5+ Ke7 37. h4 Bc2 38. g4 Kf6 39. h5
Bb1 40. Kd4 g5 41. Nd7+ Kg7 42. fxg5 hxg5 43. Ke5 Kf7 44. Nc5 Ba2 45. Ne4 Bb3
46. Nxg5+ Kg8 47. Nxe6 Kh7 48. Kf6 Bd1 49. Kg5 Bb3 50. Nf4 Ba4 51. Kf6 Kh6 52.
g5+ Kh7 53. h6 Bc2 54. Ne6 Bd3 55. Nf8+ Kg8 56. h7+ Kh8 57. Kf7 Be4 58. Kf6 Bd3
59. Ke5 Bc2 60. Kf4 Bxh7 61. Nxh7 Kxh7 62. Kf5 Kg7 63. g6 Kg8 64. Kf6 Kf8
1/2-1/2

[Event "Lansing (Jan)"]
[Site "?"]
[Date "1990.??.??"]
[Round "?"]
[White "Gregory, Kevin"]
[Black "Hummel, G."]
[Result "1-0"]
[WhiteElo "1685"]
[BlackElo "1605"]
[PlyCount "27"]
[EventDate "1990.??.??"]

1. e4 Nf6 2. Nc3 e5 3. Nf3 Nc6 4. d4 exd4 5. Nxd4 a6 6. Bc4 Ne5 7. Bb3 Bc5 8.
Bg5 c6 9. O-O O-O 10. Re1 h6 11. Bh4 Re8 12. Nf3 Be7 13. Nxe5 d6 14. Bxf7+ 1-0

[Event "Flint (Class B/1)"]
[Site "?"]
[Date "1990.??.??"]
[Round "?"]
[White "Gregory, Kevin"]
[Black "Hawley, T."]
[Result "0-1"]
[WhiteElo "1720"]
[BlackElo "1715"]
[PlyCount "58"]
[EventDate "1990.??.??"]

1. e4 e5 2. Nf3 Nc6 3. d4 exd4 4. Nxd4 Bc5 5. Nb3 Bb6 6. Nc3 Nf6 7. Bd3 O-O 8.
Na4 Bxf2+ 9. Kxf2 Nxe4+ 10. Bxe4 Qh4+ 11. g3 Qxe4 12. Nc3 Qf5+ 13. Kg2 d6 14.
h3 b6 15. Qd3 Qh5 16. Qd5 Ne5 17. Bf4 Rb8 18. Qd1 Bb7+ 19. Nd5 Bxd5+ 20. Kf1
Qxd1+ 21. Rxd1 Bxh1 22. Kf2 Ba8 23. Nd4 f5 24. Nb5 h6 25. Nxc7 Rbc8 26. Rxd6
Rxc7 27. Bxe5 Rxc2+ 28. Ke3 Re8 29. Kd3 Be4+ 0-1

[Event "Lansing (Mini-Swiss.3/1)"]
[Site "?"]
[Date "1990.??.??"]
[Round "?"]
[White "Gregory, Kevin"]
[Black "Decker, Dale"]
[Result "0-1"]
[WhiteElo "1745"]
[BlackElo "1825"]
[PlyCount "97"]
[EventDate "1990.??.??"]

{3/(1)} 1. e4 d5 2. exd5 Qxd5 3. Nc3 Qa5 4. d4 Nf6 5. Bd2 c6 6. Bc4 Bf5 7. Nf3
Qc7 8. Nh4 Bg6 9. Nxg6 hxg6 10. h3 e6 11. Qf3 Bd6 12. Bg5 Nbd7 13. O-O-O O-O-O
14. Ne4 Rh5 15. Nxd6+ Qxd6 16. Bf4 Qb4 17. Be2 Nd5 18. Bd2 Qa4 19. Qb3 Qxb3 20.
axb3 Rf5 21. Rhf1 Nf4 22. Bg4 Rf6 23. g3 g5 24. gxf4 gxf4 25. Bf3 g5 26. Rg1
Rg6 27. h4 g4 28. Rxg4 Rxg4 29. Bxg4 Nf6 30. Bf3 Rxd4 31. Bc3 Rxd1+ 32. Kxd1
Nd7 33. h5 Nf8 34. h6 Kd7 35. Bh5 Ke8 36. Ke2 Nh7 37. Kf3 Kf8 38. Kxf4 Kg8 39.
Bg7 a5 40. Be2 b5 41. Bd3 f5 42. f3 Kf7 43. c4 b4 44. c5 Ke7 45. Ba6 Kd7 46.
Ke5 Ke7 47. f4 Kd7 48. Bc4 Ke7 49. Bxe6 0-1

[Event "Flint (Class B/4)"]
[Site "?"]
[Date "1990.??.??"]
[Round "?"]
[White "Gregory, Kevin"]
[Black "Carpenter, George"]
[Result "1-0"]
[WhiteElo "1720"]
[BlackElo "1605"]
[PlyCount "73"]
[EventDate "1990.??.??"]

1. e4 d6 2. d4 Nf6 3. Nc3 g6 4. f3 Bg7 5. Be3 O-O 6. Qd2 Nbd7 7. h4 c6 8. Bh6
Qc7 9. Bxg7 Kxg7 10. h5 Nxh5 11. g4 Nhf6 12. Qh6+ Kg8 13. Nh3 Re8 14. g5 Nh5
15. Nf4 Ndf6 16. gxf6 Nxf6 17. Rg1 e5 18. Nh3 Bxh3 19. Bxh3 exd4 20. Ne2 d5 21.
O-O-O dxe4 22. Nxd4 Nh5 23. Qxh5 Qf4+ 24. Kb1 e3 25. Ne2 Qf6 26. Qg4 Rad8 27.
Rxd8 Qxd8 28. Qd4 Qc7 29. f4 Qa5 30. Rd1 Qh5 31. Qd7 Qxe2 32. Qxe8+ Kg7 33.
Qe5+ Kh6 34. Qg5+ Kg7 35. Qg1 Qf3 36. Qf1 Qe4 37. Re1 1-0

[Event "Detroit (MOR/7/2)"]
[Site "?"]
[Date "1990.??.??"]
[Round "?"]
[White "Gregory, Kevin"]
[Black "Boyce, Alroy"]
[Result "0-1"]
[WhiteElo "1790"]
[BlackElo "1690"]
[PlyCount "80"]
[EventDate "1990.??.??"]

{7/(2)} 1. e4 c5 2. d4 e6 3. Nf3 cxd4 4. c3 dxc3 5. Nxc3 Bb4 6. Bc4 Nf6 7. Qe2
O-O 8. Bd2 Re8 9. O-O d5 10. Bb5 Nc6 11. e5 Bxc3 12. Bxc3 Ne4 13. Rac1 Bd7 14.
Bd3 f5 15. exf6 Nxf6 16. Rfe1 Rc8 17. Ne5 d4 18. Bd2 Nxe5 19. Qxe5 Bc6 20. Bc4
Bd5 21. Bxd5 Qxd5 22. Rxc8 Rxc8 23. Qxd5 Nxd5 24. Rc1 Rxc1+ 25. Bxc1 Kf7 26. f4
Kf6 27. Kf2 Nb4 28. Bd2 Nd3+ 29. Kf3 Nxb2 30. Ke4 Nc4 31. Bc1 Ne3 32. Kxd4 Nxg2
33. a4 Kf5 34. a5 Nxf4 35. Ba3 e5+ 36. Ke3 g5 37. Bd6 h5 38. Bc5 b6 39. Bxb6
axb6 40. a6 Nd5+ 0-1

[Event "Flint (MI Senior/4/5)"]
[Site "?"]
[Date "1990.??.??"]
[Round "?"]
[White "Gregg, Ted"]
[Black "Vandenburg, V.E."]
[Result "1-0"]
[WhiteElo "1605"]
[BlackElo "1625"]
[PlyCount "82"]
[EventDate "1990.??.??"]

{4/(5)} 1. f4 b5 2. e3 Bb7 3. Nf3 a6 4. b3 Nf6 5. Bb2 c5 6. Bxf6 gxf6 7. d3 Bg7
8. Nbd2 f5 9. Rb1 Bc3 10. a4 Nc6 11. Be2 d5 12. O-O Qd6 13. Rf2 O-O-O 14. axb5
axb5 15. Nf1 d4 16. Ng5 Qf6 17. Bf3 h6 18. Nh3 Qe6 19. e4 Rhg8 20. Ng3 fxe4 21.
Bxe4 Qf6 22. Qf3 Na5 23. Rbf1 Qb6 24. Re2 Rd7 25. Nf5 c4 26. Bxb7+ Nxb7 27.
Rxe7 Rgd8 28. Qe4 Nc5 29. Qa8+ Kc7 30. Rxd7+ Rxd7 31. Qh8 f6 32. bxc4 bxc4 33.
dxc4 Qe6 34. Nxh6 Qe2 35. Qxf6 Qxc2 36. Qe5+ Kc6 37. Nf2 d3 38. Qe3 d2 39. Qf3+
Kb6 40. Nfg4 Re7 41. Ne3 Bd4 {[Here White played the illegal 42.Nxc2 and Black
resigned.} 1-0

[Event "Flint (MI Senior/3/6)"]
[Site "?"]
[Date "1990.??.??"]
[Round "?"]
[White "Gregg, Ted"]
[Black "Falkner, J."]
[Result "1-0"]
[WhiteElo "1605"]
[BlackElo "1605"]
[PlyCount "111"]
[EventDate "1990.??.??"]

{3/(6)} 1. f4 d5 2. Nf3 Nf6 3. e3 c5 4. b3 g6 5. Bb2 Bg7 6. Bb5+ Bd7 7. Bxd7+
Nbxd7 8. O-O O-O 9. Qe1 e6 10. d3 Qc7 11. Nbd2 Rfe8 12. Ne5 Rad8 13. Ndf3 Ng4
14. Nxg4 Bxb2 15. Rd1 Bg7 16. Qh4 h5 17. Nge5 Nxe5 18. fxe5 d4 19. e4 Bxe5 20.
g3 Bd6 21. Ng5 Be7 22. Rxf7 Qd6 23. Rdf1 Rf8 24. Rxf8+ Rxf8 25. Rxf8+ Kxf8 26.
Qf4+ Qxf4 27. gxf4 e5 28. Ne6+ Kf7 29. Ng5+ Kg7 30. Nh3 Kf6 31. Kg2 exf4 32.
Nxf4 Kg5 33. Kf3 b6 34. e5 Kf5 35. h3 h4 36. a4 g5 37. Nd5 Bd8 38. e6 Kxe6 39.
Ke4 g4 40. hxg4 h3 41. Nf4+ Kf6 42. Nxh3 Bc7 43. Kd5 a6 44. Kc6 Bd8 45. Kd7 Be7
46. Kc7 b5 47. Kb6 bxa4 48. bxa4 Bd8+ 49. Kxa6 Ke5 50. Kb5 Kd5 51. a5 Bxa5 52.
Kxa5 c4 53. Kb5 cxd3 54. cxd3 Ke6 55. Kc5 Ke5 56. Ng5 1-0

[Event "Detroit (MCO/4/11)"]
[Site "?"]
[Date "1990.??.??"]
[Round "?"]
[White "Grams, Paul"]
[Black "Williams, Ron"]
[Result "0-1"]
[WhiteElo "1815"]
[BlackElo "1605"]
[PlyCount "68"]
[EventDate "1990.??.??"]

{4/(11)} 1. d4 Nf6 2. Nf3 g6 3. c4 Bg7 4. Nc3 d6 5. e4 O-O 6. Be2 c6 7. O-O Na6
8. Bg5 Nc7 9. Qd2 b6 10. h3 Bb7 11. Bh6 Re8 12. Rad1 d5 13. e5 Nd7 14. Qe3 f5
15. Nh4 e6 16. Bg5 Qc8 17. g4 c5 18. gxf5 exf5 19. f4 cxd4 20. Rxd4 Ne6 21.
cxd5 Nxd4 22. Qxd4 Nxe5 23. fxe5 Bxe5 24. Qd2 Qc7 25. Nf3 Bxc3 26. bxc3 Qc5+
27. Qd4 Rxe2 28. Qxc5 bxc5 29. d6 Bc6 30. a3 Rb8 31. Be7 Rbb2 32. d7 Bxd7 33.
Bxc5 Bc6 34. h4 Rg2+ 0-1

[Event "Detroit (MCO/2/7)"]
[Site "?"]
[Date "1990.??.??"]
[Round "?"]
[White "Grams, Paul"]
[Black "Rogers, Bradley"]
[Result "0-1"]
[WhiteElo "1815"]
[BlackElo "2160"]
[PlyCount "70"]
[EventDate "1990.??.??"]

{2/(7)} 1. d4 Nf6 2. Nf3 g6 3. c4 c5 4. d5 Bg7 5. Nc3 O-O 6. e4 d6 7. Be2 Na6
8. O-O Nc7 9. Ne1 a6 10. a4 Rb8 11. f4 Bd7 12. e5 Nfe8 13. Nd3 b5 14. axb5 axb5
15. b3 bxc4 16. bxc4 Bf5 17. Be3 Qc8 18. Ra5 Na6 19. Na4 Nec7 20. Ndxc5 Nxc5
21. Nxc5 dxe5 22. g4 Rb1 23. Bc1 Bd7 24. Nxd7 Qxd7 25. Qc2 Rbb8 26. Ra7 exf4
27. Bxf4 Bd4+ 28. Kh1 Bxa7 29. Bh6 Rfc8 30. Qc3 f6 31. Qf3 Ne8 32. g5 Rb2 33.
Qe4 Qd6 34. gxf6 Nxf6 35. Bf4 Nxe4 0-1

[Event "Detroit (MCO/5/17)"]
[Site "?"]
[Date "1990.??.??"]
[Round "?"]
[White "Graham, F."]
[Black "Ridella, Dennis"]
[Result "0-1"]
[WhiteElo "1605"]
[BlackElo "1795"]
[PlyCount "86"]
[EventDate "1990.??.??"]

{5/(17)} 1. e4 e5 2. Nf3 Nc6 3. Bc4 h6 4. d3 Nf6 5. Nc3 Bc5 6. O-O d6 7. h3 Na5
8. Bb3 Nxb3 9. axb3 a6 10. Re1 O-O 11. Be3 Bb4 12. Re2 c6 13. d4 exd4 14. Nxd4
Bxc3 15. bxc3 Nxe4 16. Qd3 d5 17. Nf3 Bf5 18. Nd2 Ng3 19. Ne4 Bxe4 20. Qd2
Nxe2+ 21. Qxe2 Qf6 22. Qd2 Qg6 23. f4 Bxc2 24. Rf1 Bd3 25. f5 Bxf5 26. Rf4 Bxh3
27. Rh4 Qxg2+ 28. Qxg2 Bxg2 29. Kxg2 Kh7 30. Bd4 f5 31. Rh5 g5 32. Kf3 Rfe8 33.
Rh1 Re4 34. Bf6 Kg6 35. Bd4 Rae8 36. Rf1 h5 37. Kg3 h4+ 38. Kh3 Re2 39. Rf2
Rxf2 40. Bxf2 Re2 41. Bd4 Kh5 42. Bf2 Rxf2 43. c4 g4# 0-1

[Event "Detroit (MCO/2/17)"]
[Site "?"]
[Date "1990.??.??"]
[Round "?"]
[White "Graham, F."]
[Black "Bailey, Greg"]
[Result "1/2-1/2"]
[WhiteElo "1605"]
[BlackElo "2080"]
[PlyCount "91"]
[EventDate "1990.??.??"]

{2/(17)} 1. e4 e6 2. d4 d5 3. exd5 exd5 4. Nf3 Bd6 5. Nc3 c6 6. Bd3 Ne7 7. Bg5
f6 8. Bh4 Bf5 9. Bg3 O-O 10. Bxd6 Qxd6 11. O-O Nd7 12. Re1 Rae8 13. Rxe7 Rxe7
14. Bxf5 Rfe8 15. Qd3 g6 16. Bxd7 Qxd7 17. Qd2 Qe6 18. Kf1 Kg7 19. Re1 Qd6 20.
Rxe7+ Rxe7 21. Ne2 Qe6 22. Nf4 Qe4 23. Qe2 g5 24. Nd2 Qxe2+ 25. Nxe2 h5 26. Nf3
h4 27. h3 Kf7 28. g3 hxg3 29. fxg3 Kg6 30. Kf2 Rh7 31. Kg2 Re7 32. Kf2 Rh7 33.
h4 Kf5 34. hxg5 fxg5 35. Ke3 Rh1 36. Ne5 Rh2 37. g4+ Kf6 38. c4 dxc4 39. Nxc4
Ke6 40. Na5 Rh7 41. a4 Re7 42. Nc3 Kd6+ 43. Kd3 Rg7 44. Nc4+ Ke6 45. b4 b6 46.
Ne4 1/2-1/2

[Event "Detroit (MOR/1b/27)"]
[Site "?"]
[Date "1990.??.??"]
[Round "?"]
[White "Gore, R."]
[Black "Travis, E."]
[Result "1-0"]
[WhiteElo "1605"]
[BlackElo "1605"]
[PlyCount "80"]
[EventDate "1990.??.??"]

1. e4 e5 2. Nf3 Nf6 3. Nxe5 d6 4. Nf3 Nxe4 5. d3 Nf6 6. Be2 Nc6 7. O-O Be7 8.
Nc3 O-O 9. b3 d5 10. d4 Bf5 11. Bb2 Nb4 12. Rc1 Re8 13. a3 Nxc2 14. Rxc2 Bxc2
15. Qxc2 c5 16. Bb5 Rf8 17. Ne2 Rc8 18. Qf5 cxd4 19. Nexd4 Bc5 20. Rc1 Bxd4 21.
Bxd4 a6 22. Bd3 Re8 23. Rd1 Qd6 24. Ng5 g6 25. Qxf6 Qxf6 26. Bxf6 Rc6 27. Bd4
Rec8 28. Kf1 Rc1 29. Rxc1 Rxc1+ 30. Ke2 Rc6 31. Nh3 Re6+ 32. Kd2 f5 33. Nf4 Re4
34. Bxe4 fxe4 35. Nxd5 Kf7 36. Ke3 Ke6 37. Kxe4 b5 38. Nc7+ Kd6 39. Nxa6 h5 40.
a4 b4 1-0

[Event "Detroit (MOR/4/44)"]
[Site "?"]
[Date "1990.??.??"]
[Round "?"]
[White "Gore, R."]
[Black "Johnson, P."]
[Result "0-1"]
[WhiteElo "1605"]
[BlackElo "1605"]
[PlyCount "63"]
[EventDate "1990.??.??"]

{4/(44)} 1. e4 c5 2. Nc3 Nf6 3. g3 e6 4. Bg2 d5 5. e5 Nfd7 6. f4 c4 7. Nf3 Nc5
8. d3 Be7 9. O-O O-O 10. Qe1 Qb6 11. d4 Nca6 12. a3 Nc6 13. Ne2 Bd7 14. Kh1
Rac8 15. g4 h6 16. h4 f6 17. c3 fxe5 18. fxe5 Be8 19. h5 Nd8 20. Ng3 Nf7 21.
Rb1 Bxa3 22. Bxh6 Nxh6 23. bxa3 Qc7 24. g5 Nf5 25. Bh3 Nxg3+ 26. Qxg3 Qe7 27.
g6 Bxg6 28. Qxg6 Kh8 29. Qxe6 Qxe6 30. Bxe6 Rc7 31. Ng5 Rxf1+ 32. Rxf1 0-1

[Event "Detroit (MOR/3/42)"]
[Site "?"]
[Date "1990.??.??"]
[Round "?"]
[White "Gore, R."]
[Black "Cannon, Gregory"]
[Result "0-1"]
[WhiteElo "1605"]
[BlackElo "1605"]
[PlyCount "94"]
[EventDate "1990.??.??"]

{3/(42)} 1. e4 c5 2. Nc3 d6 3. g3 Nf6 4. Bg2 Nc6 5. d3 e6 6. f4 Qc7 7. Nf3 Be7
8. O-O O-O 9. h3 a6 10. Ne2 Rd8 11. g4 d5 12. e5 Nd7 13. c3 b5 14. Ng3 b4 15.
Qe2 bxc3 16. bxc3 Bb7 17. Bd2 d4 18. h4 dxc3 19. Bxc3 Nd4 20. Bxd4 cxd4 21.
Rac1 Qb6 22. g5 Rac8 23. Rb1 Qa7 24. f5 Bxf3 25. Rxf3 Rc5 26. fxe6 fxe6 27. Qf2
Nxe5 28. Rf7 Nxf7 29. Rb7 Rc1+ 30. Kh2 Qc5 31. Ne4 Qe5+ 32. Ng3 Rc7 33. Rb1 Bd6
34. Rb6 Qxg3+ 35. Qxg3 Bxg3+ 36. Kxg3 Rc3 37. Be4 g6 38. Rxa6 Nd6 39. Kf4 Nxe4
40. Kxe4 Rc1 41. Ke5 Re1+ 42. Kf6 Rf8+ 43. Ke7 e5 44. Rf6 Rf1 45. a4 R1xf6 46.
gxf6 Rf7+ 47. Ke6 e4 0-1

[Event "Detroit (MCO/2/2)"]
[Site "?"]
[Date "1990.??.??"]
[Round "?"]
[White "Golonka, Stan"]
[Black "Tsemekhman, Vadim"]
[Result "0-1"]
[WhiteElo "1930"]
[BlackElo "2430"]
[PlyCount "78"]
[EventDate "1990.??.??"]

{2/(2)} 1. c4 g6 2. Nc3 c5 3. g3 Bg7 4. Bg2 Nc6 5. d3 d6 6. e4 e6 7. Nge2 Nge7
8. O-O O-O 9. Be3 Nd4 10. Bxd4 cxd4 11. Nb1 Nc6 12. f4 f5 13. Nd2 Kh8 14. Kh1
Bd7 15. Rc1 b6 16. Nf3 Rc8 17. a3 a5 18. b3 h6 19. Qd2 Kh7 20. b4 e5 21. b5 Nb8
22. Nh4 Bf6 23. exf5 gxf5 24. Nxf5 Bxf5 25. fxe5 Bg5 26. Qe1 Bxd3 27. Nf4 Bxf4
28. gxf4 Bxf1 29. Qe4+ Kh8 30. Rxf1 Qh4 31. Qxd4 dxe5 32. Qxe5+ Qf6 33. Qe4 Nd7
34. Qd5 Nc5 35. Qh5 Rce8 36. Bd5 Re7 37. Rg1 Rg7 38. Re1 Nd3 39. Rf1 Nf2+ 0-1

[Event "Detroit (MI Op/7/32)"]
[Site "?"]
[Date "1990.??.??"]
[Round "?"]
[White "Golonka, Stan"]
[Black "Thurman, John"]
[Result "1/2-1/2"]
[WhiteElo "1955"]
[BlackElo "1740"]
[PlyCount "83"]
[EventDate "1990.??.??"]

{7/(32)} 1. c4 e5 2. Nc3 Nf6 3. d3 d5 4. cxd5 Nxd5 5. Nf3 Nc6 6. g3 Bc5 7. Bg2
Nb6 8. O-O f6 9. Bd2 Be6 10. Rc1 Qd7 11. a3 a5 12. Ne4 Be7 13. Nc5 Bxc5 14.
Rxc5 a4 15. Be3 Bb3 16. Qc1 Nd5 17. Bd2 O-O 18. Re1 Rae8 19. Bb4 Ndxb4 20. axb4
Re7 21. b5 Nb4 22. Nd2 Na2 23. Qb1 Qd4 24. Nxb3 axb3 25. Rc4 Qb6 26. Bd5+ Kh8
27. Rh4 Qxb5 28. Bc4 Qb6 29. Qd1 g5 30. Rh3 Rd8 31. Qxb3 Qxb3 32. Bxb3 Nb4 33.
Ra1 e4 34. g4 exd3 35. exd3 Nd5 36. Bxd5 Rxd5 37. Ra8+ Kg7 38. Rc8 c6 39. Re3
Rdd7 40. Kf1 Rxe3 41. fxe3 Rxd3 42. Rc7+ 1/2-1/2

[Event "Detroit (MI Op/1a/3)"]
[Site "?"]
[Date "1990.??.??"]
[Round "?"]
[White "Golonka, Stan"]
[Black "Ruiz, G."]
[Result "1/2-1/2"]
[WhiteElo "1955"]
[BlackElo "2405"]
[PlyCount "71"]
[EventDate "1990.??.??"]

1. c4 Nf6 2. Nc3 c5 3. e4 d6 4. Nge2 g6 5. g3 Nc6 6. Bg2 Bg7 7. O-O O-O 8. d3
Nd4 9. Nxd4 cxd4 10. Ne2 Nd7 11. f4 a5 12. Rb1 Nc5 13. b3 f5 14. Kh1 e5 15. Ba3
fxe4 16. dxe4 Bg4 17. h3 Bd7 18. Bxc5 dxc5 19. Nc1 exf4 20. gxf4 Qh4 21. Qf3
Rf7 22. Qf2 Qh5 23. Qf3 Qxf3 24. Rxf3 Bc6 25. Rf2 Re8 26. Nd3 Bxe4 27. Bxe4
Rxe4 28. Nxc5 Re3 29. Kg2 Bf8 30. Na4 d3 31. Nb6 Bb4 32. Nd5 Re1 33. Rxe1 Bxe1
34. Rf3 d2 35. Rd3 Kg7 36. Kf3 1/2-1/2

[Event "Detroit (MCO/4/10)"]
[Site "?"]
[Date "1990.??.??"]
[Round "?"]
[White "Golonka, Stan"]
[Black "Mohammed, A."]
[Result "1/2-1/2"]
[WhiteElo "1930"]
[BlackElo "1635"]
[PlyCount "95"]
[EventDate "1990.??.??"]

{4/(10)} 1. c4 Nf6 2. Nc3 e6 3. e4 e5 4. Nf3 Nc6 5. Be2 Bc5 6. O-O a6 7. d3 h6
8. a3 a5 9. b3 Qe7 10. Nb5 d6 11. Bd2 O-O 12. Rb1 Be6 13. b4 axb4 14. axb4 Bb6
15. Qc2 Nd7 16. Nc3 Nd4 17. Nxd4 Bxd4 18. Nd5 Bxd5 19. cxd5 Rfc8 20. Bg4 c5 21.
bxc5 Rxc5 22. Qb3 b5 23. Bb4 Rc7 24. Rfc1 Rac8 25. Rxc7 Rxc7 26. Bxd7 Qxd7 27.
Bd2 Rb7 28. h3 Kh7 29. Rc1 Rc7 30. Rc6 Rxc6 31. dxc6 Qxc6 32. Qxf7 Qc8 33. Bb4
Bc5 34. Ba5 b4 35. h4 Qg4 36. h5 Qg5 37. Qf3 Qc1+ 38. Kh2 Qf4+ 39. Qxf4 exf4
40. f3 b3 41. Bc3 Bb4 42. Bb2 Bd2 43. g3 g6 44. hxg6+ Kxg6 45. gxf4 Bxf4+ 46.
Kh3 Kg5 47. d4 Bd2 48. Kg3 1/2-1/2

[Event "Lansing (MI Am/2/2)"]
[Site "?"]
[Date "1990.??.??"]
[Round "?"]
[White "Golonka, Stan"]
[Black "Harger, Tim"]
[Result "0-1"]
[WhiteElo "1975"]
[BlackElo "1765"]
[PlyCount "122"]
[EventDate "1990.??.??"]

{2/(2)} 1. c4 b6 2. Nc3 Bb7 3. e4 e6 4. d3 d5 5. Bf4 d4 6. Nb1 Nc6 7. Nf3 Nf6
8. Be2 Be7 9. O-O O-O 10. a3 a5 11. g3 Nd7 12. Bc1 e5 13. Ne1 f5 14. exf5 Rxf5
15. Bg4 Rf8 16. Nd2 Nc5 17. Bf3 Nb8 18. Bxb7 Nxb7 19. Ne4 Nd7 20. Nf3 h6 21.
Qe2 Qe8 22. b3 Qf7 23. Kg2 Rae8 24. Bd2 c5 25. Rab1 Nd6 26. Nxd6 Bxd6 27. b4
axb4 28. axb4 Nf6 29. bxc5 bxc5 30. Rb6 Bb8 31. Rfb1 e4 32. Ng1 exd3 33. Qxd3
Ne4 34. f3 Nxd2 35. Qxd2 Qxc4 36. Rc1 Qd5 37. Qc2 Bd6 38. Rd1 c4 39. Rxd6 Qxd6
40. Qxc4+ Kh8 41. Qxd4 Qxd4 42. Rxd4 Rd8 43. Rxd8 Rxd8 44. f4 Rd2+ 45. Kh3 g6
46. Nf3 Re2 47. g4 Kg7 48. Kg3 Kf6 49. h4 Re3 50. Kf2 Ra3 51. Nd4 Rd3 52. Nf3
h5 53. Kg3 Ke6 54. f5+ gxf5 {[Remainder illegible; 0-1, 60?]} 55. gxh5 Rd1 56.
Kf4 Kf6 57. Ke3 Rh1 58. Kf4 Rb1 59. Ke3 Rb4 60. Kf2 Kg7 61. Kg3 Kh6 0-1

[Event "Detroit (MI Op/5/36)"]
[Site "?"]
[Date "1990.??.??"]
[Round "?"]
[White "Golonka, Stan"]
[Black "Choksi, E."]
[Result "1-0"]
[WhiteElo "1955"]
[BlackElo "1865"]
[PlyCount "132"]
[EventDate "1990.??.??"]

{5/(36)} 1. c4 Nf6 2. Nc3 g6 3. e4 d6 4. g3 Bg7 5. Bg2 e5 6. Nge2 O-O 7. O-O
Be6 8. d3 Qd7 9. Bg5 h6 10. Bxf6 Bxf6 11. Nd5 Bg7 12. Rb1 c6 13. Ne3 a5 14. Nc3
Na6 15. Na4 Qc7 16. Qb3 b5 17. Nc3 Rab8 18. Qc2 bxc4 19. dxc4 Nc5 20. Rfd1 f5
21. b3 f4 22. Nf1 f3 23. Bh1 g5 24. Qd2 Rbd8 25. Qe3 g4 26. h3 h5 27. Qg5 Qf7
28. hxg4 hxg4 29. Ne3 Qf6 30. Qh5 Qh6 31. Qxh6 Bxh6 32. Kf1 Rf6 33. Ke1 Bf8 34.
Kd2 Rb8 35. Kc2 Rf7 36. Rd2 Rg7 37. Rbd1 Rd7 38. Rf1 Kh7 39. Rdd1 Kh6 40. Rg1
Kg5 41. Rde1 Ra7 42. Rb1 Bf7 43. Ned1 Bg6 44. Re1 Rab7 45. Nb2 Rh7 46. Rbd1 Rh2
47. Rd2 Be7 48. Nba4 Nxa4 49. bxa4 Rbh8 50. Rb1 Rxh1 51. Rb7 Kf6 52. Rc7 Be8
53. Ra7 Ke6 54. Rxa5 Bd7 55. Ra7 Rb8 56. Nd1 Rhh8 57. Ne3 Bg5 58. c5 d5 59.
exd5+ cxd5 60. Rxd5 Bxe3 61. Rd6+ Kf5 62. fxe3 Rh2+ 63. Kc3 Be6 64. Raa6 f2 65.
Rxe6 Rf8 66. e4+ Kg5 1-0

[Event "Detroit (MI Op/3/36)"]
[Site "?"]
[Date "1990.??.??"]
[Round "?"]
[White "Golonka, Stan"]
[Black "Anderson, JA."]
[Result "0-1"]
[WhiteElo "1955"]
[BlackElo "2745"]
[PlyCount "76"]
[EventDate "1990.??.??"]

{3/(36)} 1. c4 c5 2. Nc3 Nf6 3. e4 d6 4. g3 g6 5. Bg2 Bg7 6. Nge2 Nc6 7. O-O
O-O 8. d3 e5 9. Kh1 Be6 10. f4 Qd7 11. Nd5 Bh3 12. fxe5 Bxg2+ 13. Kxg2 Nxd5 14.
exd5 Nxe5 15. Rb1 Rae8 16. h3 Qe7 17. Rf2 a6 18. b3 Nd7 19. Bb2 Ne5 20. Qd2 Qd7
21. d4 cxd4 22. Qxd4 Qc7 23. Rbf1 Re7 24. Nf4 Rfe8 25. Qd2 Qd7 26. Ba3 Qc7 27.
Kh2 Rd7 28. Re2 Red8 29. Kg2 Re8 30. Rfe1 Rdd8 31. Re3 Bh8 32. Kf2 Bg7 33. Qb4
Rd7 34. Kg2 Bf6 35. Nd3 Bg7 36. Nxe5 Bxe5 37. Bb2 f6 38. Bxe5 fxe5 {[Remainder
illegible; 0-1, 64?]} 0-1